Rudiments of physics : (Record no. 152088)

MARC details
000 -LEADER
fixed length control field 00753nam a22002057a 4500
005 - DATE AND TIME OF LATEST TRANSACTION
control field 20180516103621.0
010 ## - LCCN (DPL NO)
LC control number ENG-123030
020 ## - INTERNATIONAL STANDARD BOOK NUMBER
International Standard Book Number 9788193339534
Terms of availability 800.00
035 ## - SYSTEM CONTROL NUMBER
System control number EN-106562
037 ## - SOURCE OF ACQUISITION
Source of stock number/acquisition DBAD/PUB
082 ## - DEWEY DECIMAL CLASSIFICATION NUMBER
Classification number 530
100 ## - MAIN ENTRY--PERSONAL NAME
Personal name Ghosh, Ranajit
245 ## - TITLE STATEMENT
Title Rudiments of physics :
Remainder of title by Ranajit Ghosh [and] Ashit Kumar Chakraborty
Statement of responsibility, etc for NEET, JEE, AIIMS, IISER, AFMC, WBJEE and othr competitive examinations /
260 ## - PUBLICATION, DISTRIBUTION, ETC. (IMPRINT)
Place of publication, distribution, etc Kolkata
Name of publisher, distributor, etc Academic Publishers
Date of publication, distribution, etc 2018
270 ## - ADDRESS
Address 5A, Bhawani Dutta Lane,
City Kolkata
Postal code 700073
Electronic mail address contact@academicpublishers.in
300 ## - PHYSICAL DESCRIPTION
Extent xx, 1504p
Dimensions 25cm.(pbk)
500 ## - GENERAL NOTE
General note It include mock test papers and appendix
700 ## - ADDED ENTRY--PERSONAL NAME
Personal name Chakraborty, Ashit Kumar
942 ## - ADDED ENTRY ELEMENTS (KOHA)
Source of classification or shelving scheme Dewey Decimal Classification
Item type English Books
Classification part 530
Call number suffix GHO
Holdings
Withdrawn status Lost status Not for loan Collection code Home library Current library Date acquired Source of acquisition Cost, normal purchase price Full call number Barcode Copy number Cost, replacement price Koha item type
    Not For Loan Non-fiction D.B.Act.Division Patel Nagar 16/05/2018 DBAD/PUB 800.00 530 GHO EN-106562 1 800.00 English Books

© Delhi Public Library
Hit Counter
free hit counter